| 000 | 00340nam a22001337a 4500 | ||
|---|---|---|---|
| 005 | 20260119114439.0 | ||
| 008 | 260119b |||||||| |||| 00| 0 eng d | ||
| 020 | _a978-1-85326-004-9 | ||
| 100 | _aDICKENS, CHARLES | ||
| 245 | _aGREAT EXPECTATIONS | ||
| 260 |
_aWARE _bWORDSWORTH CLASSICS _c1992 |
||
| 300 | _aXVII,423P. | ||
| 942 |
_2lcc _cBK |
||
| 999 |
_c216480 _d216480 |
||